00384nam a2200121Ia 4500008004100000041000800041082000800049100010500057245006800162250000900230260001500239300000800254221007s9999 xx 000 0 und d aeng bSHI aShivdas Pratiksha - 2k121134; Prof.Pranita Sonar - Guide & [Company Name] - Cadbury(I) Ltd., Thane. 2aA Project Report On A Study Of Employees Job Satisfaction Level a2014 c2014aPune a51p